Do jakiego państwa? #3 - Statystyki

Ogólne statystyki
  • Ten quiz został rozwiązany 360 razy
  • Średni wynik to 15 z 25
Statystyki odpowiedzi
Region/Wyspa/Miasto Państwo % Poprawnych
Podlasie Polska
100%
Rio de Janeiro Brazylia
94%
Opole Polska
94%
Szkocja Wielka Brytania
93%
Kuba Kuba
92%
Kair Egipt
91%
Podgorica Czarnogóra
82%
Kentucky Stany Zjednoczone
82%
Phoenix Stany Zjednoczone
81%
Baku Azerbejdżan
76%
Idaho Stany Zjednoczone
73%
Normandia Francja
72%
Tabasco Meksyk
69%
Rijad Arabia Saudyjska
67%
Piemont Włochy
66%
Kastylia-Leon Hiszpania
55%
Ziemia Baffina Kanada
46%
Male Malediwy
40%
Sachalin Rosja
37%
Dalmacja Chorwacja
35%
Wyspa Południowa Nowa Zelandia
30%
Mindanao Filipiny
16%
Magallanes Chile
10%
Mussulu Angola
4%
Mahé Seszele
4%
Nie znaleziono quizów pasujących do podanych kryteriów
Rozkład punktacji
Procent ludzi z każdym wynikiem
Percentyl według liczby udzielonych odpowiedzi
Twoja historia wyników
Nie rozwiązałeś tego quizu